Posibilidades de una experiencia pluralista de izquierda en la revolución /
Đã lưu trong:
| Tác giả chính: | |
|---|---|
| Định dạng: | Texto |
| Những chủ đề: | |
| Các nhãn: |
Thêm thẻ
Không có thẻ, Là người đầu tiên thẻ bản ghi này!
|
MARC
| LEADER | 00000 a a2200000 04500 | ||
|---|---|---|---|
| 001 | 45449 | ||
| 003 | |||
| 040 | |||
| 100 | |a Ortega, Marvin | ||
| 245 | |a Posibilidades de una experiencia pluralista de izquierda en la revolución / |c Marvin Ortega | ||
| 500 | |a Antes se llamaba: ALAI SERVICIO MENSUAL DE INFORMACION Y DOCUMENTACION | ||
| 650 | |a POLITICA | ||
| 650 | |a REVOLUCION | ||
| 650 | |a CONFLICTOS POLITICOS | ||
| 650 | |a NICARAGUA | ||
| 650 | |a CENTROAMERICA | ||
| 773 | |g volumen11, número89 (Marzo, 1987), Págs. 14-18 | ||
| 999 | |c 21924 |d 21924 | ||
